| 000 | 00919nam a2200265 a 4500 | ||
|---|---|---|---|
| 001 | BRCA_1572 | ||
| 005 | 20190320203456.0 | ||
| 008 | 960329s1995 mx-a---##b---#001-0aspa-d | ||
| 020 | _a9687559004 | ||
| 040 |
_aBXM _cBXM _dPL# |
||
| 050 | 4 |
_aND259.K3 _b.D53 1995 |
|
| 245 | 1 | 0 |
_aDiario Frida Kahlo _bautorretrato íntimo _cintroducción Carlos Fuentes ; ensayos Karen Cordero ... [et al.]. |
| 260 |
_aMéxico _bLa Vaca Independiente |
||
| 260 |
_aNueva York _bHarry N. Abrams _cc1995 |
||
| 300 |
_axiv, 296 p. _bil. _c25 cm. |
||
| 500 | _aTítulo de cubierta : Diario : autorretrato íntimo | ||
| 500 | _aIncluye índice onomástico | ||
| 504 | _aBibliografía: p. 293 | ||
| 600 | 1 | 4 |
_aKahlo, Frida _d1907-1954 _xDiarios _95024 |
| 650 | 1 | 4 |
_aPintoras _xDiarios _ySiglo XX _zMéxico _95025 |
| 650 | 1 | 4 |
_aSurrealismo _zMéxico _94990 |
| 700 | 1 |
_aFuentes, Carlos _95026 |
|
| 700 | 1 |
_aCordero, Karen _95027 |
|
| 942 |
_2lcc _cB |
||
| 999 |
_c1406 _d1406 |
||